Statistics for Countries Closest to Niue - One Minute Sprint

Click here to take the quiz!

General Stats

  • This quiz has been taken 43 times
  • The average score is 16 of 22

Answer Stats

kmcountrymiles% Correct
569Samoa353
100%
3393Australia2108
95%
2365New Zealand1469
95%
932Fiji579
92%
419Tonga260
85%
2083Vanuatu1295
85%
1800Kiribati1119
82%
2605Solomon Islands1619
82%
3406Marshall Islands2117
79%
3936Papua New Guinea2446
79%
1460Tuvalu907
79%
6755Palau4198
77%
5390Indonesia3349
74%
7549Philippines4691
74%
4013Fed St Micronesia2493
72%
3255Nauru2023
72%
704Cook Islands437
62%
4488United States2789
59%
6855Timor-Leste4260
51%
7251Japan4505
49%
6186Chile3844
38%
7928Mexico4926
18%

Score Distribution

Percentile by Number Answered

Percent of People with Each Score

Your Score History

You have not taken this quiz